[Event "ODJM B 2024"]
[Site "Willingen GER"]
[Date "2024.05.22"]
[Round "6"]
[White "Alugili, Yosef"]
[Black "Klockhaus, Daniel"]
[Result "1/2-1/2"]
[Termination "normal"]
[Board "46"]
[WhiteElo "1744"]
[BlackElo "1650"]
[WhiteClock "00:09:42"]
[BlackClock "00:09:30"]
[PlyCount "54"]
[WhiteFideId "34635963"]
[BlackFideId "16299132"]
[EventCountry "GER"]
[EventRounds "9"]
[EventType "swiss"]
[EventDate "2024.05.18"]

1. e4 {[%clk 01:30:59]} c6 {[%clk 01:30:47]} {[%emt 00:00:14]} 2. d4 {[%clk
01:31:27]} {[%emt 00:00:03]} d5 {[%clk 01:31:14]} {[%emt 00:00:03]} 3. exd5
{[%clk 01:31:53]} {[%emt 00:00:03]} cxd5 {[%clk 01:31:38]} {[%emt 00:00:06]} 4.
c4 {[%clk 01:32:19]} {[%emt 00:00:04]} dxc4 {[%clk 01:28:41]} {[%emt 00:03:28]}
5. Bxc4 {[%clk 01:32:48]} {[%emt 00:00:01]} Bf5 {[%clk 01:27:59]} {[%emt
00:01:08]} 6. Qb3 {[%clk 01:31:03]} {[%emt 00:02:19]} e6 {[%clk 01:20:17]}
{[%emt 00:08:12]} 7. Qxb7 {[%clk 01:30:19]} {[%emt 00:01:14]} Nd7 {[%clk
01:12:17]} {[%emt 00:08:28]} 8. Bb5 {[%clk 01:24:48]} {[%emt 00:06:04]} Rc8
{[%clk 01:02:24]} {[%emt 00:10:21]} 9. Nc3 {[%clk 01:22:19]} {[%emt 00:02:59]}
Qc7 {[%clk 00:49:51]} {[%emt 00:13:04]} 10. Qxc7 {[%clk 01:21:12]} {[%emt
00:01:37]} Rxc7 {[%clk 00:49:34]} {[%emt 00:00:43]} 11. Bf4 {[%clk 01:17:52]}
{[%emt 00:03:53]} Rb7 {[%clk 00:47:56]} {[%emt 00:02:06]} 12. Nf3 {[%clk
01:13:32]} {[%emt 00:04:53]} Ngf6 {[%clk 00:40:29]} {[%emt 00:07:54]} 13. O-O
{[%clk 01:09:00]} {[%emt 00:05:04]} Be7 {[%clk 00:37:41]} {[%emt 00:03:16]} 14.
Rac1 {[%clk 01:05:32]} {[%emt 00:04:00]} O-O {[%clk 00:37:05]} {[%emt
00:01:06]} 15. Nh4 {[%clk 00:59:59]} {[%emt 00:06:04]} Be4 {[%clk 00:30:15]}
{[%emt 00:07:19]} 16. Rfe1 {[%clk 00:41:30]} {[%emt 00:18:59]} Bd5 {[%clk
00:28:22]} {[%emt 00:02:24]} 17. Bg5 {[%clk 00:41:55]} {[%emt 00:00:05]} h6
{[%clk 00:23:03]} {[%emt 00:05:48]} 18. Nxd5 {[%clk 00:37:47]} {[%emt
00:04:38]} Nxd5 {[%clk 00:19:23]} {[%emt 00:04:10]} 19. Bxe7 {[%clk 00:37:58]}
{[%emt 00:00:19]} Nxe7 {[%clk 00:19:51]} {[%emt 00:00:02]} 20. Ba4 {[%clk
00:35:00]} {[%emt 00:03:27]} Rd8 {[%clk 00:19:14]} {[%emt 00:01:04]} 21. a3
{[%clk 00:28:09]} {[%emt 00:07:24]} Nb6 {[%clk 00:16:43]} {[%emt 00:03:00]} 22.
Bc2 {[%clk 00:22:30]} {[%emt 00:06:09]} Rxd4 {[%clk 00:15:35]} {[%emt
00:01:38]} 23. Nf3 {[%clk 00:22:56]} {[%emt 00:00:04]} Rd8 {[%clk 00:15:36]}
{[%emt 00:00:28]} 24. Ne5 {[%clk 00:17:51]} {[%emt 00:05:35]} Nbd5 {[%clk
00:11:12]} {[%emt 00:04:54]} 25. b4 {[%clk 00:11:55]} {[%emt 00:06:27]} Rc7
{[%clk 00:09:37]} {[%emt 00:02:05]} 26. Ba4 {[%clk 00:09:40]} {[%emt 00:02:41]}
Rdc8 {[%clk 00:09:17]} {[%emt 00:00:53]} 27. Rxc7 {[%clk 00:09:42]} {[%emt
00:00:28]} Rxc7 {[%clk 00:09:30]} {[%emt 00:00:15]} 1/2-1/2

[Event "ODJM B 2024"]
[Site "Willingen GER"]
[Date "2024.05.22"]
[Round "6"]
[White "Hildebrand, Azat"]
[Black "Li, Joshua"]
[Result "0-1"]
[Termination "normal"]
[Board "47"]
[WhiteElo "1681"]
[BlackElo "1601"]
[WhiteClock "00:28:16"]
[BlackClock "00:58:54"]
[PlyCount "138"]
[WhiteFideId "34607536"]
[BlackFideId "34623639"]
[EventCountry "GER"]
[EventRounds "9"]
[EventType "swiss"]
[EventDate "2024.05.18"]

1. d4 {[%clk 01:30:53]} {[%emt 00:00:07]} Nf6 {[%clk 01:30:59]} {[%emt
00:00:02]} 2. Nf3 {[%clk 01:31:07]} {[%emt 00:00:16]} d5 {[%clk 01:31:28]}
{[%emt 00:00:02]} 3. e3 {[%clk 01:31:25]} {[%emt 00:00:12]} c5 {[%clk
01:31:54]} {[%emt 00:00:03]} 4. c3 {[%clk 01:31:40]} {[%emt 00:00:16]} e6
{[%clk 01:32:19]} {[%emt 00:00:04]} 5. Bd3 {[%clk 01:31:45]} {[%emt 00:00:24]}
Bd6 {[%clk 01:32:25]} {[%emt 00:00:25]} 6. Nbd2 {[%clk 01:31:55]} {[%emt
00:00:19]} Nc6 {[%clk 01:32:49]} {[%emt 00:00:07]} 7. O-O {[%clk 01:31:57]}
{[%emt 00:00:28]} O-O {[%clk 01:33:12]} {[%emt 00:00:07]} 8. dxc5 {[%clk
01:30:53]} {[%emt 00:01:33]} Bxc5 {[%clk 01:33:35]} {[%emt 00:00:08]} 9. b4
{[%clk 01:31:15]} {[%emt 00:00:08]} Bb6 {[%clk 01:33:57]} {[%emt 00:00:07]} 10.
Bb2 {[%clk 01:31:19]} {[%emt 00:00:26]} e5 {[%clk 01:34:17]} {[%emt 00:00:11]}
11. e4 {[%clk 01:30:53]} {[%emt 00:00:56]} Bg4 {[%clk 01:34:20]} {[%emt
00:00:27]} 12. h3 {[%clk 01:23:46]} {[%emt 00:07:37]} Bh5 {[%clk 01:34:01]}
{[%emt 00:00:49]} 13. a3 {[%clk 01:20:53]} {[%emt 00:03:23]} Bg6 {[%clk
01:33:17]} {[%emt 00:01:13]} 14. Qe2 {[%clk 01:17:15]} {[%emt 00:04:09]} Nh5
{[%clk 01:31:58]} {[%emt 00:01:49]} 15. Bc2 {[%clk 01:03:01]} {[%emt 00:14:43]}
Ng3 {[%clk 01:30:27]} {[%emt 00:02:02]} 16. Qd1 {[%clk 01:02:40]} {[%emt
00:00:52]} Nxf1 {[%clk 01:29:59]} {[%emt 00:00:57]} 17. Qxf1 {[%clk 01:03:03]}
{[%emt 00:00:06]} dxe4 {[%clk 01:29:40]} {[%emt 00:00:50]} 18. Bxe4 {[%clk
01:02:39]} {[%emt 00:00:54]} f5 {[%clk 01:29:14]} {[%emt 00:00:55]} 19. Bxc6
{[%clk 00:59:26]} {[%emt 00:03:44]} bxc6 {[%clk 01:29:29]} {[%emt 00:00:15]}
20. Nb3 {[%clk 00:58:34]} {[%emt 00:01:21]} Qd5 {[%clk 01:29:09]} {[%emt
00:00:50]} 21. c4 {[%clk 00:57:21]} {[%emt 00:01:43]} Qe6 {[%clk 01:28:00]}
{[%emt 00:01:40]} 22. Nxe5 {[%clk 00:55:54]} {[%emt 00:01:57]} Rfe8 {[%clk
01:27:36]} {[%emt 00:00:49]} 23. Nf3 {[%clk 00:52:18]} {[%emt 00:04:11]} Bh5
{[%clk 01:27:22]} {[%emt 00:00:43]} 24. Re1 {[%clk 00:50:13]} {[%emt 00:02:34]}
Qxe1 {[%clk 01:25:57]} {[%emt 00:01:56]} 25. Nxe1 {[%clk 00:49:01]} {[%emt
00:01:41]} Be2 {[%clk 01:25:02]} {[%emt 00:01:26]} 26. c5 {[%clk 00:44:48]}
{[%emt 00:04:44]} Bxf1 {[%clk 01:23:38]} {[%emt 00:01:54]} 27. Kxf1 {[%clk
00:45:01]} {[%emt 00:00:16]} Bc7 {[%clk 01:23:16]} {[%emt 00:00:52]} 28. Nd4
{[%clk 00:44:15]} {[%emt 00:01:15]} Be5 {[%clk 01:22:04]} {[%emt 00:01:43]} 29.
Nef3 {[%clk 00:43:46]} {[%emt 00:00:59]} Rad8 {[%clk 01:18:42]} {[%emt
00:03:52]} 30. Nxe5 {[%clk 00:42:57]} {[%emt 00:01:18]} Rxe5 {[%clk 01:16:54]}
{[%emt 00:02:19]} 31. g3 {[%clk 00:42:17]} {[%emt 00:01:10]} Re4 {[%clk
01:10:58]} {[%emt 00:06:27]} 32. Nxf5 {[%clk 00:41:59]} {[%emt 00:00:48]} Rd2
{[%clk 01:09:07]} {[%emt 00:02:21]} 33. Bc3 {[%clk 00:41:24]} {[%emt 00:01:04]}
Rd3 {[%clk 01:07:45]} {[%emt 00:01:52]} 34. Bb2 {[%clk 00:41:18]} {[%emt
00:00:36]} g6 {[%clk 01:06:24]} {[%emt 00:01:52]} 35. Nd6 {[%clk 00:40:14]}
{[%emt 00:01:33]} Rd1+ {[%clk 01:06:17]} {[%emt 00:00:37]} 36. Kg2 {[%clk
00:40:26]} {[%emt 00:00:17]} Re2 {[%clk 01:06:29]} {[%emt 00:00:19]} 37. Bc3
{[%clk 00:39:49]} {[%emt 00:01:08]} Rc2 {[%clk 01:05:34]} {[%emt 00:01:24]} 38.
Be5 {[%clk 00:39:00]} {[%emt 00:01:18]} Ra2 {[%clk 01:02:41]} {[%emt 00:03:24]}
39. Nc4 {[%clk 00:38:09]} {[%emt 00:01:22]} Rd5 {[%clk 01:01:05]} {[%emt
00:02:05]} 40. Kf3 {[%clk 00:34:53]} {[%emt 00:03:46]} Rc2 {[%clk 00:55:56]}
{[%emt 00:05:40]} 41. Ne3 {[%clk 00:33:14]} {[%emt 00:02:09]} Rd3 {[%clk
00:56:18]} {[%emt 00:00:07]} 42. Ke4 {[%clk 00:32:26]} {[%emt 00:01:18]} Rcd2
{[%clk 00:56:16]} {[%emt 00:00:32]} 43. Nc4 {[%clk 00:31:31]} {[%emt 00:01:25]}
Kf7 {[%clk 00:54:46]} {[%emt 00:02:00]} 44. Nxd2 {[%clk 00:30:45]} {[%emt
00:01:17]} Rxd2 {[%clk 00:55:07]} {[%emt 00:00:09]} 45. a4 {[%clk 00:28:19]}
{[%emt 00:02:56]} Rxf2 {[%clk 00:51:46]} {[%emt 00:03:50]} 46. b5 {[%clk
00:27:49]} {[%emt 00:01:01]} cxb5 {[%clk 00:51:31]} {[%emt 00:00:44]} 47. axb5
{[%clk 00:27:40]} {[%emt 00:00:39]} Ke6 {[%clk 00:51:54]} {[%emt 00:00:08]} 48.
b6 {[%clk 00:26:55]} {[%emt 00:01:15]} axb6 {[%clk 00:52:10]} {[%emt 00:00:13]}
49. cxb6 {[%clk 00:27:17]} {[%emt 00:00:08]} Re2+ {[%clk 00:52:29]} {[%emt
00:00:12]} 50. Kd4 {[%clk 00:25:57]} {[%emt 00:01:50]} Rxe5 {[%clk 00:52:30]}
{[%emt 00:00:28]} 51. Kc4 {[%clk 00:25:46]} {[%emt 00:00:41]} Kd7 {[%clk
00:52:45]} {[%emt 00:00:14]} 52. b7 {[%clk 00:25:36]} {[%emt 00:00:42]} Kc7
{[%clk 00:53:10]} {[%emt 00:00:04]} 53. b8=Q+ {[%clk 00:25:41]} {[%emt
00:00:24]} Kxb8 {[%clk 00:53:38]} {[%emt 00:00:03]} 54. Kd4 {[%clk 00:25:55]}
{[%emt 00:00:16]} Re7 {[%clk 00:53:50]} {[%emt 00:00:18]} 55. Kd5 {[%clk
00:26:04]} {[%emt 00:00:21]} Re3 {[%clk 00:54:14]} {[%emt 00:00:05]} 56. g4
{[%clk 00:26:20]} {[%emt 00:00:15]} Rxh3 {[%clk 00:54:40]} {[%emt 00:00:04]}
57. g5 {[%clk 00:26:39]} {[%emt 00:00:11]} Rg3 {[%clk 00:55:05]} {[%emt
00:00:04]} 58. Ke5 {[%clk 00:27:01]} {[%emt 00:00:08]} Rxg5+ {[%clk 00:55:20]}
{[%emt 00:00:16]} 59. Kf4 {[%clk 00:27:12]} {[%emt 00:00:18]} Rf5+ {[%clk
00:55:45]} {[%emt 00:00:05]} 60. Kg4 {[%clk 00:27:11]} {[%emt 00:00:31]} Kc7
{[%clk 00:56:08]} {[%emt 00:00:07]} 61. Kh4 {[%clk 00:26:42]} {[%emt 00:00:59]}
Kd6 {[%clk 00:56:12]} {[%emt 00:00:27]} 62. Kg4 {[%clk 00:26:38]} {[%emt
00:00:34]} h6 {[%clk 00:56:33]} {[%emt 00:00:08]} 63. Kh4 {[%clk 00:26:28]}
{[%emt 00:00:41]} Rg5 {[%clk 00:56:56]} {[%emt 00:00:06]} 64. Kh3 {[%clk
00:26:44]} {[%emt 00:00:14]} Ke5 {[%clk 00:57:21]} {[%emt 00:00:05]} 65. Kh4
{[%clk 00:27:08]} {[%emt 00:00:07]} Kf5 {[%clk 00:57:39]} {[%emt 00:00:12]} 66.
Kh3 {[%clk 00:27:25]} {[%emt 00:00:12]} Kf4 {[%clk 00:58:05]} {[%emt 00:00:04]}
67. Kh2 {[%clk 00:27:34]} {[%emt 00:00:22]} Kf3 {[%clk 00:58:31]} {[%emt
00:00:04]} 68. Kh1 {[%clk 00:27:53]} {[%emt 00:00:11]} Kf2 {[%clk 00:58:56]}
{[%emt 00:00:05]} 69. Kh2 {[%clk 00:28:16]} {[%emt 00:00:06]} Rh5 {[%clk
00:58:54]} {[%emt 00:00:02]} 0-1

[Event "ODJM B 2024"]
[Site "Willingen GER"]
[Date "2024.05.22"]
[Round "6"]
[White "Symanski, Linda"]
[Black "Klemm, Julian"]
[Result "1/2-1/2"]
[Termination "normal"]
[Board "49"]
[WhiteElo "1542"]
[BlackElo "1408"]
[WhiteClock "00:24:19"]
[BlackClock "00:32:49"]
[PlyCount "62"]
[WhiteFideId "16284534"]
[BlackFideId "533001901"]
[EventCountry "GER"]
[EventRounds "9"]
[EventType "swiss"]
[EventDate "2024.05.18"]

1. d4 {[%clk 01:30:59]} Nf6 {[%clk 01:30:41]} {[%emt 00:00:19]} 2. c4 {[%clk
01:31:18]} {[%emt 00:00:11]} e5 {[%clk 01:30:49]} {[%emt 00:00:23]} 3. dxe5
{[%clk 01:29:48]} {[%emt 00:01:59]} Ng4 {[%clk 01:30:40]} {[%emt 00:00:38]} 4.
Nf3 {[%clk 01:29:04]} {[%emt 00:01:15]} Bc5 {[%clk 01:30:37]} {[%emt 00:00:33]}
5. e3 {[%clk 01:24:16]} {[%emt 00:05:18]} Nc6 {[%clk 01:30:23]} {[%emt
00:00:44]} 6. a3 {[%clk 01:21:11]} {[%emt 00:03:35]} a5 {[%clk 01:29:25]}
{[%emt 00:01:28]} 7. Nc3 {[%clk 01:14:57]} {[%emt 00:06:44]} Ngxe5 {[%clk
01:27:53]} {[%emt 00:02:02]} 8. Nxe5 {[%clk 01:09:56]} {[%emt 00:05:31]} Nxe5
{[%clk 01:28:15]} {[%emt 00:00:07]} 9. g3 {[%clk 01:08:28]} {[%emt 00:01:59]}
d6 {[%clk 01:27:00]} {[%emt 00:01:45]} 10. Bg2 {[%clk 01:06:17]} {[%emt
00:02:40]} c6 {[%clk 01:27:05]} {[%emt 00:00:26]} 11. b3 {[%clk 01:03:23]}
{[%emt 00:03:23]} Bf5 {[%clk 01:24:27]} {[%emt 00:03:08]} 12. Bb2 {[%clk
01:02:05]} {[%emt 00:01:49]} h5 {[%clk 01:22:48]} {[%emt 00:02:09]} 13. h4
{[%clk 01:00:18]} {[%emt 00:02:17]} Nd3+ {[%clk 01:15:08]} {[%emt 00:08:10]}
14. Kd2 {[%clk 00:52:53]} {[%emt 00:07:55]} Nxb2 {[%clk 01:15:07]} {[%emt
00:00:32]} 15. Qf3 {[%clk 00:51:06]} {[%emt 00:02:17]} Bd3 {[%clk 00:55:30]}
{[%emt 00:20:08]} 16. Ra2 {[%clk 00:48:59]} {[%emt 00:02:36]} Nxc4+ {[%clk
00:51:11]} {[%emt 00:04:48]} 17. bxc4 {[%clk 00:48:53]} {[%emt 00:00:37]} Bxc4
{[%clk 00:50:34]} {[%emt 00:01:07]} 18. Qe4+ {[%clk 00:48:12]} {[%emt
00:01:11]} Be6 {[%clk 00:50:44]} {[%emt 00:00:20]} 19. Rb1 {[%clk 00:41:36]}
{[%emt 00:07:07]} d5 {[%clk 00:45:14]} {[%emt 00:05:59]} 20. Qe5 {[%clk
00:39:37]} {[%emt 00:02:28]} f6 {[%clk 00:43:13]} {[%emt 00:02:32]} 21. Qxe6+
{[%clk 00:39:06]} {[%emt 00:01:01]} Be7 {[%clk 00:40:22]} {[%emt 00:03:21]} 22.
Rxb7 {[%clk 00:38:02]} {[%emt 00:01:35]} d4 {[%clk 00:39:34]} {[%emt 00:01:18]}
23. Rxe7+ {[%clk 00:33:42]} {[%emt 00:04:49]} Qxe7 {[%clk 00:39:08]} {[%emt
00:00:56]} 24. Qxc6+ {[%clk 00:34:07]} {[%emt 00:00:05]} Kf7 {[%clk 00:39:01]}
{[%emt 00:00:36]} 25. Qc4+ {[%clk 00:30:38]} {[%emt 00:03:59]} Kg6 {[%clk
00:38:29]} {[%emt 00:01:03]} 26. Bxa8 {[%clk 00:29:10]} {[%emt 00:01:58]} dxc3+
{[%clk 00:37:32]} {[%emt 00:01:27]} 27. Qxc3 {[%clk 00:26:56]} {[%emt
00:02:44]} Qd7+ {[%clk 00:33:21]} {[%emt 00:04:40]} 28. Qd3+ {[%clk 00:24:56]}
{[%emt 00:02:31]} Qxd3+ {[%clk 00:33:41]} {[%emt 00:00:10]} 29. Kxd3 {[%clk
00:25:21]} {[%emt 00:00:05]} Rxa8 {[%clk 00:34:04]} {[%emt 00:00:06]} 30. Ke4
{[%clk 00:24:49]} {[%emt 00:01:03]} Re8+ {[%clk 00:32:58]} {[%emt 00:01:36]}
31. Kf4 {[%clk 00:24:19]} {[%emt 00:01:00]} Re5 {[%clk 00:32:49]} {[%emt
00:00:38]} 1/2-1/2

[Event "ODJM B 2024"]
[Site "Willingen GER"]
[Date "2024.05.22"]
[Round "6"]
[White "Menne, Lukas"]
[Black "Päpke, Aaron"]
[Result "1/2-1/2"]
[Termination "normal"]
[Board "50"]
[WhiteElo "1636"]
[BlackElo "1322"]
[WhiteClock "00:47:09"]
[BlackClock "01:16:55"]
[PlyCount "71"]
[WhiteFideId "16288467"]
[BlackFideId "34684930"]
[EventCountry "GER"]
[EventRounds "9"]
[EventType "swiss"]
[EventDate "2024.05.18"]

1. d4 {[%clk 01:30:58]} {[%emt 00:00:02]} d5 {[%clk 01:30:56]} {[%emt
00:00:04]} 2. Bf4 {[%clk 01:31:21]} {[%emt 00:00:07]} Nf6 {[%clk 01:31:08]}
{[%emt 00:00:18]} 3. h3 {[%clk 01:31:42]} {[%emt 00:00:09]} c5 {[%clk
01:30:04]} {[%emt 00:01:35]} 4. e3 {[%clk 01:32:04]} {[%emt 00:00:08]} Nc6
{[%clk 01:30:00]} {[%emt 00:00:34]} 5. c3 {[%clk 01:32:24]} {[%emt 00:00:10]}
e6 {[%clk 01:29:50]} {[%emt 00:00:40]} 6. Nd2 {[%clk 01:32:35]} {[%emt
00:00:19]} c4 {[%clk 01:29:06]} {[%emt 00:01:14]} 7. Be2 {[%clk 01:32:57]}
{[%emt 00:00:08]} Bd6 {[%clk 01:27:50]} {[%emt 00:01:47]} 8. Bxd6 {[%clk
01:32:24]} {[%emt 00:01:03]} Qxd6 {[%clk 01:28:13]} {[%emt 00:00:06]} 9. Ngf3
{[%clk 01:32:48]} {[%emt 00:00:06]} O-O {[%clk 01:27:59]} {[%emt 00:00:44]} 10.
O-O {[%clk 01:32:54]} {[%emt 00:00:25]} e5 {[%clk 01:27:27]} {[%emt 00:01:02]}
11. dxe5 {[%clk 01:33:11]} {[%emt 00:00:12]} Nxe5 {[%clk 01:27:49]} {[%emt
00:00:08]} 12. Nxe5 {[%clk 01:33:24]} {[%emt 00:00:17]} Qxe5 {[%clk 01:28:13]}
{[%emt 00:00:07]} 13. Nf3 {[%clk 01:33:24]} {[%emt 00:00:30]} Qd6 {[%clk
01:28:11]} {[%emt 00:00:31]} 14. Bxc4 {[%clk 01:33:15]} {[%emt 00:00:39]} Bf5
{[%clk 01:26:36]} {[%emt 00:02:04]} 15. Bb3 {[%clk 01:33:05]} {[%emt 00:00:41]}
Qd7 {[%clk 01:26:55]} {[%emt 00:00:12]} 16. Qd4 {[%clk 01:27:34]} {[%emt
00:06:01]} Bxh3 {[%clk 01:23:09]} {[%emt 00:04:15]} 17. gxh3 {[%clk 01:27:50]}
{[%emt 00:00:14]} Qxh3 {[%clk 01:23:32]} {[%emt 00:00:06]} 18. Qf4 {[%clk
01:27:43]} {[%emt 00:00:37]} h6 {[%clk 01:22:33]} {[%emt 00:01:29]} 19. Qg3
{[%clk 01:28:00]} {[%emt 00:00:13]} Qh5 {[%clk 01:22:42]} {[%emt 00:00:20]} 20.
Kg2 {[%clk 01:27:33]} {[%emt 00:00:57]} Rfe8 {[%clk 01:23:03]} {[%emt
00:00:08]} 21. Rh1 {[%clk 01:27:37]} {[%emt 00:00:27]} Qf5 {[%clk 01:22:19]}
{[%emt 00:01:14]} 22. Rh2 {[%clk 01:26:10]} {[%emt 00:01:57]} Re4 {[%clk
01:22:40]} {[%emt 00:00:09]} 23. Bc2 {[%clk 01:26:00]} {[%emt 00:00:40]} Rae8
{[%clk 01:22:51]} {[%emt 00:00:19]} 24. Bxe4 {[%clk 01:25:44]} {[%emt
00:00:46]} Rxe4 {[%clk 01:23:16]} {[%emt 00:00:05]} 25. Rh4 {[%clk 01:25:16]}
{[%emt 00:00:58]} Nh5 {[%clk 01:22:45]} {[%emt 00:01:01]} 26. Qb8+ {[%clk
01:24:59]} {[%emt 00:00:47]} Kh7 {[%clk 01:23:01]} {[%emt 00:00:14]} 27. Rxe4
{[%clk 01:24:03]} {[%emt 00:01:27]} Qxe4 {[%clk 01:23:11]} {[%emt 00:00:20]}
28. Qe5 {[%clk 01:22:05]} {[%emt 00:02:26]} Qg4+ {[%clk 01:23:31]} {[%emt
00:00:11]} 29. Kf1 {[%clk 01:17:40]} {[%emt 00:04:53]} Qxf3 {[%clk 01:23:51]}
{[%emt 00:00:12]} 30. Qh2 {[%clk 01:16:45]} {[%emt 00:01:25]} Nf6 {[%clk
01:22:36]} {[%emt 00:01:44]} 31. Qg2 {[%clk 01:12:57]} {[%emt 00:04:19]} Qf5
{[%clk 01:22:43]} {[%emt 00:00:23]} 32. Re1 {[%clk 01:03:53]} {[%emt 00:09:34]}
Qd3+ {[%clk 01:20:03]} {[%emt 00:03:09]} 33. Kg1 {[%clk 01:02:05]} {[%emt
00:02:18]} Qd2 {[%clk 01:20:03]} {[%emt 00:00:30]} 34. Qf1 {[%clk 00:58:43]}
{[%emt 00:03:51]} Qc2 {[%clk 01:16:34]} {[%emt 00:03:58]} 35. Qe2 {[%clk
00:53:29]} {[%emt 00:05:46]} Qg6+ {[%clk 01:16:55]} {[%emt 00:00:09]} 36. Kf1
{[%clk 00:47:09]} 1/2-1/2

[Event "ODJM B 2024"]
[Site "Willingen GER"]
[Date "2024.05.22"]
[Round "6"]
[White "Mlynarski, Milosz"]
[Black "Wellßow, Lio Keanu"]
[Result "0-1"]
[Termination "normal"]
[Board "51"]
[WhiteElo "1663"]
[BlackElo "1486"]
[WhiteClock "01:18:07"]
[BlackClock "01:19:49"]
[PlyCount "32"]
[WhiteFideId "34636854"]
[BlackFideId "16252837"]
[EventCountry "GER"]
[EventRounds "9"]
[EventType "swiss"]
[EventDate "2024.05.18"]

1. d4 {[%clk 01:30:58]} {[%emt 00:00:01]} e6 {[%clk 01:30:49]} {[%emt
00:00:11]} 2. c4 {[%clk 01:30:54]} {[%emt 00:00:35]} d5 {[%clk 01:30:29]}
{[%emt 00:00:49]} 3. Nc3 {[%clk 01:30:48]} {[%emt 00:00:36]} Bb4 {[%clk
01:30:32]} {[%emt 00:00:27]} 4. Nf3 {[%clk 01:27:50]} {[%emt 00:03:28]} Nf6
{[%clk 01:30:10]} {[%emt 00:00:52]} 5. Bg5 {[%clk 01:28:06]} {[%emt 00:00:14]}
Nbd7 {[%clk 01:29:47]} {[%emt 00:00:54]} 6. e3 {[%clk 01:28:01]} {[%emt
00:00:34]} c6 {[%clk 01:29:34]} {[%emt 00:00:43]} 7. Bd3 {[%clk 01:28:14]}
{[%emt 00:00:15]} dxc4 {[%clk 01:29:19]} {[%emt 00:00:47]} 8. Bxc4 {[%clk
01:28:34]} {[%emt 00:00:10]} Qa5 {[%clk 01:29:38]} {[%emt 00:00:10]} 9. Qc2
{[%clk 01:26:58]} {[%emt 00:02:07]} Ne4 {[%clk 01:29:14]} {[%emt 00:00:54]} 10.
Qxe4 {[%clk 01:20:01]} {[%emt 00:07:27]} Bxc3+ {[%clk 01:29:32]} {[%emt
00:00:12]} 11. Ke2 {[%clk 01:20:01]} {[%emt 00:00:31]} Bxb2 {[%clk 01:25:12]}
{[%emt 00:04:49]} 12. Bxe6 {[%clk 01:20:14]} {[%emt 00:00:17]} O-O {[%clk
01:25:20]} {[%emt 00:00:22]} 13. Bc4 {[%clk 01:20:11]} {[%emt 00:00:33]} Bxa1
{[%clk 01:25:37]} {[%emt 00:00:13]} 14. Be7 {[%clk 01:20:18]} {[%emt 00:00:23]}
Re8 {[%clk 01:19:47]} {[%emt 00:06:20]} 15. Bxf7+ {[%clk 01:17:59]} {[%emt
00:02:50]} Kxf7 {[%clk 01:19:52]} {[%emt 00:00:24]} 16. Ng5+ {[%clk 01:18:07]}
{[%emt 00:00:21]} Qxg5 {[%clk 01:19:49]} {[%emt 00:00:35]} 0-1